[Event "GER-chT U14"]
[Site "Magdeburg"]
[Date "2018.12.29"]
[Round "6.1"]
[White "Schuh, Robert"]
[Black "Hetzner, Hannes"]
[Result "0-1"]
[WhiteElo "1512"]
[BlackElo "1895"]
[PlyCount "120"]
[EventDate "2018.12.27"]
[EventType "team-swiss"]
[EventRounds "7"]
[EventCountry "GER"]
[SourceTitle "CBM 188 Extra"]
[Source "ChessBase"]
[SourceDate "2019.02.26"]
[SourceVersion "1"]
[SourceVersionDate "2019.02.26"]
[SourceQuality "1"]
[WhiteTeam "Hoyerswerda"]
[BlackTeam "Erlangen"]
[WhiteTeamCountry "GER"]
[BlackTeamCountry "GER"]

1. d4 Nf6 2. Bf4 d5 3. e3 c5 4. c3 Nc6 5. Bd3 e6 6. Nd2 Bd6 7. Bxd6 Qxd6 8. Ngf3 0-0 9. 0-0 e5 10. dxe5 Nxe5 11. Nxe5 Qxe5 12. Nf3 Qc7 13. Bc2 b6 14. Qe2 Bb7 15. Rfc1 Rad8 16. Rd1 Rfe8 17. h3 Nd7 18. Ba4 Bc6 19. Bxc6 Qxc6 20. Qc2 Ne5 21. Nxe5 Rxe5 22. Rd2 Re7 23. Rad1 Red7 24. b4 h6 25. a3 Rc8 26. Qb2 Rcd8 27. Qc2 Qb5 28. Qb3 Qc6 29. Qc2 g6 30. Qb3 Kg7 31. Qc2 Qb5 32. Qb3 a5 33. a4 Qc6 34. b5 Qf6 35. e4 d4 36. cxd4 Rxd4 37. Rxd4 Rxd4 38. Rxd4 Qxd4 39. Qc2 c4 40. Kf1 Kf6 41. f4 Ke6 42. Ke2 Kd6 43. g4 Kc5 44. h4 Qg1 45. Kf3 Qf1+ 46. Kg3 Qd3+ 47. Qxd3 cxd3 48. Kf3 Kd4 49. e5 Kc3 50. f5 d2 51. e6 d1Q+ 52. Kf4 Qd4+ 53. Kf3 fxe6 54. fxg6 Qf6+ 55. Ke4 Qxg6+ 56. Ke5 Qxg4 57. Kd6 Qxa4 58. Kc6 Kc4 59. Kxb6 Qxb5+ 60. Ka7 Kc5 0-1